000 00635nam a2200181Ia 4500
003 GCL
008 140319s9999 xx 000 0 ara d
040 _aGCL /
_cGCL
082 0 4 _a240
_bا ت
100 1 _aاشرف عبدالمقصود عبدالرحيم
245 1 0 _aتطهير الحنان والاركان : عن درن الشرك والكفران /
_cاشرف عبدالمقصود عبدالرحيم
700 1 _aاحمد بن حجر ال بوطامى البنعلى
260 _a[S.N] :
_bتصحيح عقيدة المسيحين ،
_c1994
300 _a92 ص
490 _a
650 0 4 _aالتوحيد
942 _2ddc
_cBK
999 _c36207
_d36207